000 01075cam a2200301 a 4500
001 4393
005 20251023144345.0
020 _a9780439407113
040 _aDLC
_cDLC
_dDLC
_beng
050 0 0 _aPZ7.R9553
_b2001
082 0 0 _a557
100 1 _aRyan, Pam Muñoz
245 1 0 _aMice and beans /
_cby Pam Muñoz Ryan ; illustrated by Joe Cepeda
250 _aFirst edition
260 _aNew York :
_bScholastic,
_c2001
300 _a32 unnumbered pages :
_bcolor illustrations ;
_c29 cm.
505 _aO
520 _aIn this rhythmic cumulative tale Rosa Maria spends the week getting ready for her granddaughter's birthday party and trying to avoid attracting mice--unaware that the mice in her walls are preparing for a party of their own.
521 _a620
_bLexile
521 _aO
_bRaz-Plus
650 1 _aMice
_vFiction.
650 1 _aGrandmothers
_vFiction.
650 1 _aBirthdays
_vFiction.
650 1 _aParties
_vFiction.
700 1 _aCepeda, Joe
_eillustrator
906 _a7
_bcbc
_corignew
_d1
_eocip
_f20
_gy-gencatlg
942 _2ddc
_cBK
_n0
999 _c4393
_d4393